الإستراتيجية الإدارية / (Record no. 15877)
[ view plain ]
| 000 -الفاتح | |
|---|---|
| حقل البيانات ثابتة الطول | 00688nam a22001697a 4500 |
| 008 - عناصر البيانات ثابتة الطول - معلومات عامة | |
| حقل البيانات ثابتة الطول | 110818t1980 ua||||g |||| 000 0 ara d |
| 082 ## - رقم تصنيف ديوى العشرى | |
| رقم الطبعة | 22 |
| رقم المادة | و ت ر |
| رقم التصنيف | 658 |
| 100 ## - المدخل الرئيسى - إسم شخصى | |
| 9 (RLIN) | 26805 |
| الإسم الشخصى | وتر،محمد ضاهر |
| 245 ## - بيان العنوان | |
| العنوان | الإستراتيجية الإدارية / |
| بيان المسئوليه,etc | تأليف محمد ضاهر وتر |
| 260 ## - PUBLICATION, DISTRIBUTION, ETC. (IMPRINT) | |
| مكان الناشر او الموزع | سوريا: |
| اسم الناشر او الموزع | مؤسسة الرسالة،1980. |
| تاريخ النشر أو التوزيع | 1980. |
| 300 ## - الوصف المادى | |
| التعداد | 793ص ؛ |
| أبعاد الوعاء | 24سم. |
| 504 ## - تبصرة ببليوجرافية | |
| تبصرة ببليوجرافية,الخ | يشتمل على إرجاعات ببليوجرافية:ص 788-791 |
| 650 ## - المدخل الاضافى بالموضوع-مصطلح موضوعى | |
| 9 (RLIN) | 14798 |
| مصطلح موضوعي أو اسم جغرافي كعنصر مدخل | الإدارة |
| 653 ## - مصطلح تكشيفى غير مقيد | |
| Resource For college | |
| Arrived date list | August2011 |
| 942 ## - عناصر المدخل الإضافي( كوها) | |
| مصدر التصنيف او مخطط الترفيف | Dewey Decimal Classification |
| Koha [default] item type | Book - Borrowing |
| حالة التراجع | حالة الفقد | مصدر التصنيف او خطة الترفيف | حالة تلف | ليس للاعارة | مجموعات كوها | المكان الدائم | المكان الحالي | موقع الترفيف | تاريخ الاكتساب | Source of acquisition | رقم الاستدعاء | الباركود | Date last seen | نوع الوعاء |
|---|---|---|---|---|---|---|---|---|---|---|---|---|---|---|
| Dewey Decimal Classification | Central Library | Central Library | First floor | 18/08/2011 | Purchase | 658 و ت ر | 000024566 | 15/07/2025 | Book - Borrowing |